=LDR 00000nam 2200000 4500 =001 INLIS000000000012145 =005 20130612103703 =008 ***********************************Ind** =035 ##$$0010-061300000012145 =041 ##$$a Ind =082 ##$$a 511 =090 ##$$a 511, Pal p =100 ##$$a Paling, d =245 ##$$a Pengelolahan dengan gugus dan bilangan, Matematika gaya baru untuk guru dan orang tua, D. Paling ; Penerjemah, Audi Nasoltion =260 ##$$a Gramedia6c1974 $b Jakarta =300 ##$$a ...Jil, 21 cm =650 ##$$a Matematika =650 ##$$a Pengolah =700 ##$$a Nasution, Andi Hakim =850 ##$$a NBPNMAT